| 000 | 00521nam a2200193 4500 | ||
|---|---|---|---|
| 005 | 20241205115331.0 | ||
| 010 | _aENG-142543 | ||
| 020 |
_c250.00 _a9789382711209 |
||
| 035 | _aEN-126075 | ||
| 037 | _bDBAD | ||
| 082 |
_aS _21 |
||
| 100 |
_aNadar, Ganesh _974725 |
||
| 245 |
_aVillage Voices/ _cby Ganesh Nadar |
||
| 250 | _aFirst | ||
| 260 |
_aNew Delhi _bVitasta Publishing Pvt Ltd _c 2014 |
||
| 270 |
_a2/15, Ansari Road, Daryaganj, _bNew Delhi _e110002 |
||
| 300 |
_a267p. _c20cm(pbk) |
||
| 942 |
_2ddc _cEN _hS _mNAD |
||
| 999 |
_c207428 _d207428 |
||